| 000 | 00503nam a2200181Ia 4500 | ||
|---|---|---|---|
| 999 |
_c16037 _d16037 |
||
| 003 | OSt | ||
| 005 | 20210206104907.0 | ||
| 008 | 190216s9999||||xx |||||||||||||| ||und|| | ||
| 020 | _a8171696392 | ||
| 040 | _coclc | ||
| 082 |
_a954 _bSIN/G |
||
| 100 |
_aSingh, Ramji _9131 |
||
| 245 | 0 |
_aGandhi Aur Manvtha Ka Bhavishya / _cRamji Singh |
|
| 260 |
_bCommonwealth Publishers, _aNew Delhi : _c2000 |
||
| 300 | _a184p | ||
| 650 | _aHindi | ||
| 942 |
_cBK _2ddc _h954 _iSIN/G _k954 _mSIN/G |
||